| 000 | 01482nam a22002417a 4500 | ||
|---|---|---|---|
| 999 |
_c6123 _d6123 |
||
| 003 | DO-SdBJH | ||
| 005 | 20210510193127.0 | ||
| 008 | 210510b ||||| |||| 00| 0 spa d | ||
| 040 |
_aDO-SdBJH _bspa _cDO-SdBJH |
||
| 090 |
_aTG EGAEE _b01408 2018 |
||
| 100 | 1 |
_aBelén Barias, Máximo Ant. _esustentante |
|
| 245 | 1 | 0 |
_aLa realidad penitenciaria y su incidencia en la Seguridad Ciudadana en la Provincia Santiago, período 2012-2016 / _cMáximo Ant. Belén Barias, Francisco D. Avalo Núñez, asesores Flavia M. Villegas, Fanny Torres |
| 260 |
_aSanto Domingo : _bINSUDE, _c2018 |
||
| 300 | _axxxi, 58 páginas, gráficos, cuadros | ||
| 502 | _aTesis (Maestría en Defensa y Seguridad Nacional). -- Instituto Superior para la Defensa (INSUDE). Escuela de Graduados de Altos Estudios Estratégico, 2018 | ||
| 504 | _aIncluye referencias bibliográficas e índices | ||
| 505 | _aAntecedentes y situación actual del sistema penitenciario de la República Dominicana. -- La seguridad ciudadana, organización y programas de rehabilitación del sistema penitenciario en la Provincia de Santiago. -- Estudio de la realidad penitenciaria en el centro de correccion y rehabilitacion Rafay-Santiago 2012-2016. -- | ||
| 700 | 1 |
_aAvalo Núñez, Francisco D. _esustentante |
|
| 700 | 1 |
_aVillegas, Flavia M. _easesor |
|
| 700 | 1 |
_aTorres, Fanny _easesor |
|
| 830 | _aINSUDE. Escuela de Graduados de Altos Estudios Estratégico. Tesis y disertaciones académicas | ||
| 942 |
_2CL _cT |
||